Mitos clasificados 4: latinoamérica precolombina /

Guardado en:
Autor Principal: Roldán, Laura; adap.
Formato: Libro
Publicado: Buenos Aires : Cántaro, 2014
Edición:2a. reimp.
Series:Del Mirador ; 223
Materias:
Etiquetas: Agregar Etiqueta
Sin Etiquetas, Sea el primero en etiquetar este registro!
LEADER 01427nam a22002775a 4500
001 CEM.cems014609
008 130507s2014##################000#0#####d
005 20211110173812.0
003 CEMS
245 1 0 |a Mitos clasificados 4: latinoamérica precolombina /  |c Adaptación, Compilación y Selección de Laura Roldán 
250 |a 2a. reimp. 
260 |a Buenos Aires :  |b Cántaro,  |c 2014 
300 |a 112 p. 
490 0 |a Del Mirador ; 223 
590 |a 1289.015 
505 0 |a Puertas de acceso -- Mitos clasificados 4 -- Territorio de la actual Argentina, Gran Chaco - Moqoit (mocovíes) -- Territorio del actual Paraguay - Guaraníes -- Territorio del actual Brasil, Amazonia - Tupíes y kayapós -- Territorio de la actual Colombia - Huitotos y muiscas o chibchas -- Territorio de la actual Bolivia - Aimaras -- Territorio del actual Perú - Incas -- Territorio de la actual Venezuela - Waros, tamanacos, ciclo Taurepan - Arekuna - Kamarakoto -- Territorio del actual México - Aztecas -- Territorio de los actuales México, Guatemala, Honduras y El Salvador - Mayas 
020 |a 9789507533082 
100 1 |a Roldán, Laura; adap. 
082 0 4 |a 398.22 
653 |a Literatura 
653 |a Literatura latinoamericana 
653 |a Mitos 
653 |a Leyendas 
653 |a Biblioteca TC 
859 |a CEMS  |b BIB. CEMS - 11 de abril  |h 398.22  |i R643  |p 27163.15  |t Ej.1  |v TC 
859 |a CEMS  |b BIB. CEMS - 11 de abril  |h TC  |p 1289.015  |t Ej.2